书目信息 |
| 题名: |
计算机辅助结构设计
|
|
| 作者: | 舒宣武 著 | |
| 分册: | ||
| 出版信息: | 北京 中国建筑工业出版社 1998.09 |
|
| 页数: | 378页 | |
| 开本: | 16开 | |
| 丛书名: | ||
| 单 册: | ||
| 中图分类: | ||
| 科图分类: | ||
| 主题词: | 建筑结构--理论 , 建筑结构--结构计算 | |
| 电子资源: | ||
| ISBN: | 7-112-03284-9 | |
| 000 | 00613nam0 2200217 45 | |
| 001 | 9909081671 | |
| 005 | 19990908161019.5 | |
| 010 | @a7-112-03284-9@d31.00元 | |
| 100 | @a19990908d1998 km y0chiy0120 ea | |
| 101 | @achi | |
| 105 | @a z 000yy | |
| 200 | 1 | @a计算机辅助结构设计@AJi Suan Ji Fu Zhu Jie Gou She Ji@f舒宣武著@FShu Xuan Wu Zhu |
| 210 | @a北京@c中国建筑工业出版社@d1998.09 | |
| 215 | @a378页@d16开 | |
| 606 | 0 | @a建筑结构@x理论 |
| 606 | 0 | @a建筑结构@x结构计算 |
| 690 | @v3 | |
| 690 | @aTU311.41 | |
| 701 | @a舒宣武@4著 | |
| 801 | @aCN@bPFTUser@c19990908 | |
| 905 | @f3@b40227-229@dTU311.41@eS876 | |
| 计算机辅助结构设计/舒宣武著.-北京:中国建筑工业出版社,1998.09 |
| 378页;16开 |
| ISBN 7-112-03284-9:31.00元 |
| ● |
| 相关链接 |
|
|
|
正题名:计算机辅助结构设计
索取号:TU311.41/S876
 
预约/预借
| 序号 | 登录号 | 条形码 | 馆藏地/架位号 | 状态 | 备注 |
| 1 | 40227 | 200402279 | 建筑库101/101建筑库 79排1列5层/ [索取号:TU311.41/S876] | 在馆 | |
| 2 | 40228 | 200402288 | 自科二线404/404自科库 26排6列4层/ [索取号:TU311.41/S876] | 在馆 | |
| 3 | 40229 | 200402297 | 建筑库101/101建筑库 79排1列5层/ [索取号:TU311.41/S876] | 在馆 | |
| 4 | 44112 | 200441129 | 自科二线404/404自科库 24排5列2层/ [索取号:TU311.41/S876] | 在馆 | |
| 5 | 44113 | 200441138 | 自科二线404/404自科库 1排2列3层/ [索取号:TU311.41/S876] | 在馆 | |
| 6 | 44114 | 200441147 | 自科二线404/404自科库 25排1列4层/ [索取号:TU311.41/S876] | 在馆 | |
| 7 | 45914 | 200459146 | 建筑库101/101建筑库 79排1列5层/ [索取号:TU311.41/S876] | 在馆 | |
| 8 | 45915 | 200459155 | 自科二线404/101建筑库 41排4列4层/ [索取号:TU311.41/S876] | 在馆 | |
| 9 | 45916 | 200459164 | 自科二线404/404自科库 4排3列6层/ [索取号:TU311.41/S876] | 在馆 | |
| 10 | 45917 | 200459173 | 建筑库101/101建筑库 79排1列5层/ [索取号:TU311.41/S876] | 在馆 | |
| 11 | 45918 | 200459182 | 建筑库101/101建筑库 79排1列5层/ [索取号:TU311.41/S876] | 在馆 |